Completa il nome della Serie TV - Statistics

Statistiche generali
  • Questo quiz è stato fatto 451 volte
  • Il punteggio medio è 42 su 57
Statistiche sulle risposte
Hint Risposta % Corretto
Grey's Anatomy
94%
Gossip Girl
94%
Breaking Bad
92%
Il trono di spade
92%
La casa di carta
91%
The Big Bang Theory
90%
Squid Game
90%
Una mamma per amica
89%
Stranger Things
89%
How I met your mother
89%
Prison Break
88%
Peaky Blinders
87%
The Walking Dead
86%
Le regole del delitto perfetto
85%
The Vampire Diaries
85%
Rick and Morty
85%
Criminal Minds
84%
American Horror Story
84%
Sex and the City
84%
The Last of Us
84%
L'attacco dei giganti
83%
Modern Family
83%
Orange Is the New Black
81%
Star Trek
81%
The Umbrella Academy
80%
Dragon Ball Z
78%
The End of the F***ing World
78%
Willy, il principe di Bel Air
77%
La ruota del tempo
76%
Pretty Little Liars
76%
Black Mirror
76%
South Park
75%
Doctor Who
75%
Downton Abbey
74%
Gli Anelli del Potere
74%
Desperate Housewives
74%
One Piece
73%
Teen Wolf
71%
BoJack Horseman
69%
Death Note
68%
Brooklyn Nine-Nine
67%
Sons of Anarchy
67%
Demon Slayer
63%
Buffy l'ammazzavampiri
62%
Mad Men
62%
Better Call Saul
61%
Sex Education
61%
House of Cards
60%
Il problema dei 3 corpi
58%
House of the Dragon
54%
After Life
54%
American Dad!
52%
Ted Lasso
51%
Fullmetal Alchemist
50%
Mr. Robot
49%
True Detective
45%
I segreti di Twin Peaks
44%
Nessun quiz corrispondente trovato
Distribuzione punteggi
Percentuale di utenti per punteggio
Percentile per numero di risposta
I tuoi punteggi nel tempo
Non hai fatto questo quiz